Merged infrared catalogue (Record no. 7703)

MARC details
000 -LEADER
fixed length control field 00785nam a2200241Ia 4500
003 - CONTROL NUMBER IDENTIFIER
control field IN-BaIIA
008 - FIXED-LENGTH DATA ELEMENTS--GENERAL INFORMATION
fixed length control field 211028s9999 xx 000 0 eng d
040 ## - CATALOGING SOURCE
Transcribing agency IIA Library
080 ## - UNIVERSAL DECIMAL CLASSIFICATION NUMBER
Universal Decimal Classification number 083.8:52-76
Item number SCH
100 ## - MAIN ENTRY--PERSONAL NAME
Personal name Schmitz, M.
9 (RLIN) 13023
245 #0 - TITLE STATEMENT
Title Merged infrared catalogue
Statement of responsibility, etc. M. Schmitz…[et al.]
260 ## - PUBLICATION, DISTRIBUTION, ETC.
Place of publication, distribution, etc. Maryland
Name of publisher, distributor, etc. Goddard Space Flight Centre
Date of publication, distribution, etc. 1978
300 ## - PHYSICAL DESCRIPTION
Extent x, 323p.
490 ## - SERIES STATEMENT
Series statement NASA technical memorandum; 79683
500 ## - GENERAL NOTE
General note Donated by Mrs. Bappu
650 ## - SUBJECT ADDED ENTRY--TOPICAL TERM
Topical term or geographic name entry element Astronomy and Astrophysics Thesaurus
650 ## - SUBJECT ADDED ENTRY--TOPICAL TERM
Topical term or geographic name entry element Catalogue-Merged Infrared
9 (RLIN) 13024
650 ## - SUBJECT ADDED ENTRY--TOPICAL TERM
Topical term or geographic name entry element Merged infrared catalogue
9 (RLIN) 13025
700 ## - ADDED ENTRY--PERSONAL NAME
Personal name Brown, L. W.
9 (RLIN) 13026
700 ## - ADDED ENTRY--PERSONAL NAME
Personal name Mead, J. M.
9 (RLIN) 13027
700 ## - ADDED ENTRY--PERSONAL NAME
Personal name Nagy, T. A.
9 (RLIN) 13028
942 ## - ADDED ENTRY ELEMENTS (KOHA)
Koha item type Books
Holdings
Withdrawn status Lost status Damaged status Not for loan Home library Current library Shelving location Date acquired Total Checkouts Full call number Barcode Date last seen Price effective from Koha item type
        IIA Library-Bangalore IIA Library-Bangalore General Stacks 26/07/1983   083.8:52-76/ SCH 8517 05/11/2021 26/07/1983 Books

Powered by Koha